<?xml version="1.0" encoding="UTF-8"?>
<record
    xmlns:xsi="http://www.w3.org/2001/XMLSchema-instance"
    xsi:schemaLocation="http://www.loc.gov/MARC21/slim http://www.loc.gov/standards/marcxml/schema/MARC21slim.xsd"
    xmlns="http://www.loc.gov/MARC21/slim">

  <leader>03234nam a22002537a 4500</leader>
  <controlfield tag="003">OSt</controlfield>
  <controlfield tag="005">20250506152005.0</controlfield>
  <controlfield tag="008">250503b        |||||||| |||| 00| 0 eng d</controlfield>
  <datafield tag="020" ind1=" " ind2=" ">
    <subfield code="a">9789391820138</subfield>
  </datafield>
  <datafield tag="040" ind1=" " ind2=" ">
    <subfield code="c">AIMIT LIBRARY</subfield>
  </datafield>
  <datafield tag="082" ind1=" " ind2=" ">
    <subfield code="2">1</subfield>
    <subfield code="a">330</subfield>
    <subfield code="b">AGAM</subfield>
  </datafield>
  <datafield tag="100" ind1=" " ind2=" ">
    <subfield code="a">Agarwal, M K.</subfield>
    <subfield code="9">209162</subfield>
  </datafield>
  <datafield tag="245" ind1=" " ind2=" ">
    <subfield code="a">MODI :</subfield>
    <subfield code="b">empowers development /</subfield>
    <subfield code="c">By M.K.  Agarwal.</subfield>
  </datafield>
  <datafield tag="250" ind1=" " ind2=" ">
    <subfield code="a">1st ed.</subfield>
  </datafield>
  <datafield tag="260" ind1=" " ind2=" ">
    <subfield code="a">New Delhi :</subfield>
    <subfield code="b">Sultan Chand and Sons ,</subfield>
    <subfield code="c">2022.</subfield>
  </datafield>
  <datafield tag="300" ind1=" " ind2=" ">
    <subfield code="a">xl,256 p.;</subfield>
    <subfield code="b">PB</subfield>
    <subfield code="c">24.5 cm.</subfield>
  </datafield>
  <datafield tag="500" ind1=" " ind2=" ">
    <subfield code="a">The Book entails a detailed analysis of the major policy initiatives by the Narendra Modi government since 2014. All the attempts have been made to incorporate the policies and their impact analysis as much as possible. The book would help to understand the economic issues for the larger benefit of the people and the nation. Due to these economic policies, India is among the fastest-growing economies in the world. 
Salient Features
This book is about the major features of the Narendra Modi government in terms of efficient economic strategies since 2014
Focus on cooperative federalism and its impact on faster development
Modi government's rapid transformational strategy and inclusive development
Fiscal strategies of the Modi government
Major economic reforms like the Goods and Services Tax (GST)
Strategy of self reliance and greater thrust on domestic production
To understand the significance and transformations in the farm sector
Scaled up thrust on infrastructure development like roads, railways, airways etc
Enhanced emphasis on communication, power sector, space technology etc
Making strategies for industrial development and MSMEs
Reforming and empowering the health sector for better healthcare
Focusing upon the development of special areas like Jammu and Kashmir and North Eastern states
Efforts to understand women empowerment and development of minorities
Analysis of Tourism potential and e-governance
Implications of all the above on the GDP estimation</subfield>
  </datafield>
  <datafield tag="505" ind1=" " ind2=" ">
    <subfield code="a">
Contents: 

Modi and Empowerment  of Development
Constitutional to 'Cooperative-Competitive' Federalism 
Inclusive Development Strategies  of Modi Government
Fiscal Prudence and Tax Reforms under Modi Government
Modi's Aspiration of Self-Reliant India
Industrial Development Strategy under Modi Government
Expansion of Connectivity during Modi Era
Modi Way of Transforming Rural Development
Development of Health Sector during Modi Era
Agriculture Development during Modi Regime
Empowering Development and Inclusiveness with E-Governance
Tourism Development and  Establishing India as Brand Tourism
Telecommunication, Power Sector and Space Technology in India
Mainstreaming Development in Jammu and Kashmir
Development and Empowerment of Minorities in India since 2014
Empowering Development of North Eastern States
Changing Paradigm of Women Empowerment
Need to Relook at GDP Estimation in India</subfield>
  </datafield>
  <datafield tag="650" ind1=" " ind2=" ">
    <subfield code="a">Modi and empowerment of developmenrt</subfield>
    <subfield code="9">209163</subfield>
  </datafield>
  <datafield tag="650" ind1=" " ind2=" ">
    <subfield code="a">Inclusive development strategies of Modi government</subfield>
    <subfield code="9">209164</subfield>
  </datafield>
  <datafield tag="650" ind1=" " ind2=" ">
    <subfield code="a">Agriculture development during Modi regime</subfield>
    <subfield code="9">209165</subfield>
  </datafield>
  <datafield tag="650" ind1=" " ind2=" ">
    <subfield code="a">Mainstreaming development in Jammu and Kashmir</subfield>
    <subfield code="9">209166</subfield>
  </datafield>
  <datafield tag="942" ind1=" " ind2=" ">
    <subfield code="2">ddc</subfield>
    <subfield code="c">BK</subfield>
    <subfield code="e">1st</subfield>
    <subfield code="k">330 AGAM</subfield>
  </datafield>
  <datafield tag="999" ind1=" " ind2=" ">
    <subfield code="c">234273</subfield>
    <subfield code="d">234273</subfield>
  </datafield>
  <datafield tag="952" ind1=" " ind2=" ">
    <subfield code="0">0</subfield>
    <subfield code="1">0</subfield>
    <subfield code="2">ddc</subfield>
    <subfield code="4">0</subfield>
    <subfield code="7">0</subfield>
    <subfield code="8">MBA</subfield>
    <subfield code="a">AIMIT</subfield>
    <subfield code="b">AIMIT</subfield>
    <subfield code="c">ECO</subfield>
    <subfield code="d">2025-03-14</subfield>
    <subfield code="e">Biblios Book Point</subfield>
    <subfield code="g">495.00</subfield>
    <subfield code="i">Bill.no:7467;Bill dt2025/3/11</subfield>
    <subfield code="l">0</subfield>
    <subfield code="o">330 AGAM</subfield>
    <subfield code="p">MBA15087</subfield>
    <subfield code="r">2025-07-21 00:00:00</subfield>
    <subfield code="v">420.75</subfield>
    <subfield code="w">2025-05-03</subfield>
    <subfield code="y">BK</subfield>
  </datafield>
  <datafield tag="952" ind1=" " ind2=" ">
    <subfield code="0">0</subfield>
    <subfield code="1">0</subfield>
    <subfield code="2">ddc</subfield>
    <subfield code="4">0</subfield>
    <subfield code="7">0</subfield>
    <subfield code="8">MBA</subfield>
    <subfield code="a">AIMIT</subfield>
    <subfield code="b">AIMIT</subfield>
    <subfield code="c">ECO</subfield>
    <subfield code="d">2025-03-14</subfield>
    <subfield code="e">Biblios Book Point</subfield>
    <subfield code="g">495.00</subfield>
    <subfield code="i">Bill.no:7467;Bill dt2025/3/11</subfield>
    <subfield code="l">0</subfield>
    <subfield code="o">330 AGAM</subfield>
    <subfield code="p">MBA15088</subfield>
    <subfield code="r">2025-07-21 00:00:00</subfield>
    <subfield code="v">420.75</subfield>
    <subfield code="w">2025-05-03</subfield>
    <subfield code="y">BK</subfield>
  </datafield>
</record>
